| 000 | 01050nam a2200313 i 4500 | ||
|---|---|---|---|
| 003 | EG-GICUC | ||
| 005 | 20260221070755.0 | ||
| 008 | 260221s1998 -usabokfr|||| 00| 0 eng d | ||
| 020 | _a0821343084 | ||
| 040 |
_aEG-GiCUC _beng _cEG-GiCUC _dEG-GiCUC _erda |
||
| 041 | 0 | _aeng | |
| 082 | 0 | 4 |
_221 _a341.44 _bCO |
| 092 | 0 | 4 | _221 |
| 099 | _aLaw1 11 341.44 CO 1998 | ||
| 245 | 0 | 0 |
_aComprehensive River Basin Development : _bThe Tennessee Valley Authority / _cEdited by Barbara A. Miller, and Richard B. Reidinger. |
| 264 | 1 |
_aWashington : _b The World Bank, _c1998. |
|
| 300 |
_a86 pages : _billustrations, _c30 cm |
||
| 336 |
_2rda content _atext |
||
| 337 |
_2rda media _aComputer |
||
| 338 |
_2rda carrier _aOnline Resource |
||
| 490 |
_aWorld Bank Technical Paper _v No. 418 |
||
| 546 | _aText in English | ||
| 650 | 1 | 4 | _aPublic international law |
| 700 | 1 |
_aMiller , Barbara A. _eeditor. |
|
| 700 | 1 |
_aReidinger, Richard B _eeditor. |
|
| 856 | 4 | 0 | _uhttps://fll.law.cu.edu.eg/fulltext/bks/B11-08085.pdf |
| 905 | _a48 | ||
| 942 |
_2ddc _cBK _e21 _n0 |
||
| 999 |
_c63913 _d63913 |
||